El arte español en sus estilos y en sus formas / (Record no. 71297)

MARC details
000 -LEADER
campo de control de longitud fija 00582nam a2200169 i 4500
001 - NÚMERO DE CONTROL
campo de control 71297
003 - IDENTIFICADOR DE NÚMERO DE CONTROL
campo de control ES-MaACL
005 - FECHA Y HORA DE LA ÚLTIMA TRANSACCIÓN
campo de control 20240927063113.0
007 - CAMPO FIJO DE DESCRIPCIÓN FÍSICA--INFORMACIÓN GENERAL
campo de control de longitud fija t|
008 - DATOS DE LONGITUD FIJA--INFORMACIÓN GENERAL
campo de control de longitud fija 040809s1949 sp ||||1| spa d
100 0# - ENTRADA PRINCIPAL--NOMBRE DE PERSONA
Nombre de persona Gaya Nuño, Juan Antonio,
Fechas asociadas al nombre 1913-1976
9 (RLIN) 56130
245 13 - MENCIÓN DEL TÍTULO
Título El arte español en sus estilos y en sus formas /
Mención de responsabilidad, etc. Juan Antonio Gaya Nuño.
260 ## - PUBLICACIÓN, DISTRIBUCIÓN, ETC.
Lugar de publicación, distribución, etc. Barcelona :
Nombre del editor, distribuidor, etc. Omega,
Fecha de publicación, distribución, etc. [1949] (
Fabricante Imp. Escuela de la Casa Provincial de Caridad)
300 ## - DESCRIPCIÓN FÍSICA
Extensión 101 p., 308 lám. :
Otras características físicas il. ;
Dimensiones 29 cm.
852 ## - LOCALIZACIÓN
Ubicación ES-MaACL
Número de control de estantería D-7044
Sublocalización o colección R.29310
Holdings
Estatus retirado Estado de pérdida Estado de daño No para préstamo Biblioteca de origen Biblioteca actual Ubicación en estantería Fecha de adquisición Fuente de adquisición Total de préstamos Signatura topográfica completa Código de barras Visto por última vez Precio de reemplazo Tipo de ítem Koha
        Biblioteca del Ateneo de Madrid Biblioteca del Ateneo de Madrid Sala Valle Inclán 17/01/2008     D-7044 901074652 23/02/2023 23/02/2023 Libro impreso